[Event "BCF-chT4 2223 (4NCL)"]
[Site "England"]
[Date "2023.04.30"]
[Round "10.72"]
[White "Flynn, David"]
[Black "Hurney, Kevin"]
[Result "1/2-1/2"]
[WhiteElo "1896"]
[BlackElo "2028"]
[PlyCount "45"]
[EventDate "2022.11.05"]
[EventType "team-swiss"]
[EventRounds "11"]
[EventCountry "ENG"]
[SourceTitle "EXT 2024"]
[Source "ChessBase"]
[SourceDate "2023.10.10"]
[SourceVersion "1"]
[SourceVersionDate "2023.10.10"]
[SourceQuality "1"]
[WhiteTeam "Ashfield II"]
[BlackTeam "MASCeteers"]
[WhiteTeamCountry "ENG"]
[BlackTeamCountry "ENG"]

1. e4 g6 2. Nc3 Bg7 3. Bc4 d6 4. f4 c5 5. Nf3 Nc6 6. 0-0 Nf6 7. d3 0-0 8. Qe1 e6 9. Bb3 a6 10. Be3 Ng4 11. Bd2 Nd4 12. h3 Nxb3 13. axb3 Nf6 14. Be3 b6 15. Bf2 Bb7 16. Bh4 Qc7 17. Nh2 Nd7 18. f5 exf5 19. exf5 Rae8 20. Qd2 Bd4+ 21. Bf2 Bg7 22. Bh4 Bd4+ 23. Bf2 1/2-1/2

[Event "BCF-chT4 2223 (4NCL)"]
[Site "England"]
[Date "2023.03.26"]
[Round "9.52"]
[White "Ireland, David J"]
[Black "Flynn, David"]
[Result "1/2-1/2"]
[WhiteElo "1971"]
[BlackElo "1896"]
[PlyCount "69"]
[EventDate "2022.11.05"]
[EventType "team-swiss"]
[EventRounds "11"]
[EventCountry "ENG"]
[SourceTitle "EXT 2024"]
[Source "ChessBase"]
[SourceDate "2023.10.10"]
[SourceVersion "1"]
[SourceVersionDate "2023.10.10"]
[SourceQuality "1"]
[WhiteTeam "Coventry"]
[BlackTeam "Ashfield II"]
[WhiteTeamCountry "ENG"]
[BlackTeamCountry "ENG"]

1. e4 c5 2. Nc3 Nc6 3. f4 g6 4. Nf3 Bg7 5. Bb5 Nd4 6. 0-0 a6 7. Bd3 d6 8. Nxd4 cxd4 9. Ne2 Nf6 10. Qe1 0-0 11. h3 e5 12. c3 dxc3 13. bxc3 b5 14. Bc2 Bb7 15. d3 Qc7 16. Bb3 Nd7 17. f5 d5 18. Ba3 Nc5 19. Bxd5 Bxd5 20. exd5 Nxd3 21. Qg3 Nc5 22. f6 Bh8 23. Qe3 Rfc8 24. Rad1 Qb6 25. Ng3 Nd7 26. Qxb6 Nxb6 27. Ne4 Rd8 28. d6 Rac8 29. Bc5 Nd7 30. Bb4 Rc4 31. Rde1 h6 32. Nd2 Rc6 33. Ne4 Rc4 34. Nd2 Rc6 35. Ne4 1/2-1/2

[Event "BCF-chT3W 2223 (4NCL)"]
[Site "England"]
[Date "2023.01.14"]
[Round "3.45"]
[White "Amato, Giampiero"]
[Black "Flynn, David"]
[Result "1-0"]
[WhiteElo "1940"]
[BlackElo "1915"]
[PlyCount "33"]
[EventDate "2022.10.22"]
[EventType "team-tourn"]
[EventRounds "11"]
[EventCountry "ENG"]
[SourceTitle "EXT 2024"]
[Source "ChessBase"]
[SourceDate "2023.10.10"]
[SourceVersion "1"]
[SourceVersionDate "2023.10.10"]
[SourceQuality "1"]
[WhiteTeam "Kingston"]
[BlackTeam "Ashfield"]
[WhiteTeamCountry "ENG"]
[BlackTeamCountry "ENG"]

1. c4 c5 2. g3 g6 3. Bg2 Bg7 4. Nc3 Nc6 5. a3 d6 6. Rb1 a5 7. Nf3 e5 8. 0-0 Nge7 9. d3 0-0 10. Ne1 Be6 11. Nd5 Rb8 12. Bg5 f6 13. Bd2 b6 14. Nc2 Qd7 15. b4 axb4 16. axb4 Bh3 17. b5 1-0

[Event "Hastings Masters op"]
[Site "Hastings"]
[Date "2023.01.04"]
[Round "8"]
[White "Flynn, David"]
[Black "Kelly, Paul J"]
[Result "0-1"]
[WhiteElo "1872"]
[BlackElo "1842"]
[PlyCount "76"]
[EventDate "2022.12.28"]
[EventType "swiss"]
[EventRounds "10"]
[EventCountry "ENG"]
[SourceTitle "CBM 212 Extra"]
[Source "ChessBase"]
[SourceDate "2023.03.31"]
[SourceVersion "1"]
[SourceVersionDate "2023.03.31"]
[SourceQuality "1"]

1. e4 e5 2. Nf3 Nc6 3. d4 exd4 4. Nxd4 Bc5 5. Nb3 Bb4+ 6. c3 Be7 7. g3 Nf6 8. Bg2 d6 9. h3 0-0 10. Nd4 Bd7 11. f4 Qc8 12. Be3 Re8 13. Nd2 Bd8 14. Qf3 a5 15. g4 g6 16. Ne2 a4 17. Ng3 Kg7 18. Bf1 a3 19. b3 Ng8 20. Be2 Bh4 21. 0-0-0 Bxg3 22. Qxg3 Nf6 23. Bf3 Qd8 24. g5 Ng8 25. h4 Qe7 26. h5 d5 27. hxg6 hxg6 28. Rde1 d4 29. Bf2 dxc3 30. Nc4 Be6 31. Ne3 Bxb3 32. Nd5 Bxd5 33. exd5 Qb4 34. Kc2 Qb2+ 35. Kd3 Qd2+ 36. Kc4 Ra4+ 37. Kc5 Rea8 38. Rb1 c2 0-1

[Event "Hastings Masters op"]
[Site "Hastings"]
[Date "2023.01.02"]
[Round "6"]
[White "Flynn, David"]
[Black "Gordon, Frederick"]
[Result "0-1"]
[WhiteElo "1872"]
[BlackElo "2069"]
[PlyCount "54"]
[EventDate "2022.12.28"]
[EventType "swiss"]
[EventRounds "10"]
[EventCountry "ENG"]
[SourceTitle "CBM 212 Extra"]
[Source "ChessBase"]
[SourceDate "2023.03.31"]
[SourceVersion "1"]
[SourceVersionDate "2023.03.31"]
[SourceQuality "1"]

1. e4 c5 2. Nc3 g6 3. d4 cxd4 4. Qxd4 Nf6 5. Nf3 Nc6 6. Qa4 d6 7. e5 dxe5 8. Nxe5 Bg7 9. Bb5 0-0 10. Nxc6 bxc6 11. Bxc6 Bd7 12. Bxd7 Qxd7 13. Qxd7 Nxd7 14. Ne4 Rfc8 15. c3 f5 16. Nd2 e5 17. Ke2 a5 18. Rd1 Nb6 19. a4 Rab8 20. Nb3 Nc4 21. Nxa5 Nxa5 22. b4 Nb3 23. Bd2 Nxa1 24. Rxa1 e4 25. Ra3 Kf7 26. Kd1 Ke6 27. Kc2 Rxb4 0-1

[Event "Hastings Masters op"]
[Site "Hastings"]
[Date "2022.12.30"]
[Round "3"]
[White "Wilks, Simon"]
[Black "Flynn, David"]
[Result "1-0"]
[WhiteElo "2072"]
[BlackElo "1872"]
[PlyCount "117"]
[EventDate "2022.12.28"]
[EventType "swiss"]
[EventRounds "10"]
[EventCountry "ENG"]
[SourceTitle "CBM 212 Extra"]
[Source "ChessBase"]
[SourceDate "2023.03.31"]
[SourceVersion "1"]
[SourceVersionDate "2023.03.31"]
[SourceQuality "1"]

1. e4 c5 2. Nf3 Nc6 3. Bb5 g6 4. 0-0 Bg7 5. Re1 Nf6 6. e5 Nd5 7. Nc3 Nc7 8. Bxc6 dxc6 9. Ne4 Ne6 10. d3 h6 11. Be3 b6 12. Qc1 Nd4 13. Nxd4 cxd4 14. Bf4 Be6 15. a3 Qd5 16. b4 0-0-0 17. a4 g5 18. Bg3 Kb7 19. Qa3 Bf5 20. b5 c5 21. a5 Ra8 22. Nd2 h5 23. h4 gxh4 24. Bxh4 Bxe5 25. Qb3 Qxb3 26. Nxb3 f6 27. Nd2 Rh7 28. Nc4 Bc7 29. Bg3 Bxg3 30. fxg3 Rb8 31. axb6 axb6 32. Ra6 Kc7 33. Ra7+ Rb7 34. Ra8 Bd7 35. Rb1 h4 36. gxh4 Rxh4 37. Kf2 Be6 38. Re1 Kd7 39. Nd2 Bd5 40. Rea1 Rg4 41. Nf3 e5 42. Rh1 Ke6 43. Re8+ Re7 44. Rhh8 Rgg7 45. Rb8 Rb7 46. Rbe8+ Rbe7 47. Rb8 Rb7 48. Rbe8+ Rge7 49. Ref8 e4 50. dxe4 Bxe4 51. Rh6 Kd5 52. Rfxf6 Bxc2 53. Nd2 Bd3 54. Rd6+ Ke5 55. Nf3+ Ke4 56. Rh4+ Kf5 57. g4+ Kf4 58. g5+ Kf5 59. Rf6# 1-0

[Event "Hastings Masters op"]
[Site "Hastings"]
[Date "2022.12.28"]
[Round "1"]
[White "Bezuidenhout, Roland Reinhold"]
[Black "Flynn, David"]
[Result "1/2-1/2"]
[WhiteElo "2265"]
[BlackElo "1872"]
[PlyCount "99"]
[EventDate "2022.12.28"]
[EventType "swiss"]
[EventRounds "10"]
[EventCountry "ENG"]
[SourceTitle "CBM 212 Extra"]
[Source "ChessBase"]
[SourceDate "2023.03.31"]
[SourceVersion "1"]
[SourceVersionDate "2023.03.31"]
[SourceQuality "1"]

1. e4 c5 2. Nf3 Nc6 3. Bb5 g6 4. Bxc6 dxc6 5. d3 Bg7 6. h3 Nf6 7. Nc3 Nd7 8. Be3 h6 9. Qd2 b6 10. 0-0 e5 11. Nh2 Nf8 12. f4 exf4 13. Bxf4 Ne6 14. Bg3 Nd4 15. Rae1 0-0 16. Nd1 f5 17. c3 Nb5 18. e5 Nc7 19. Nf3 Ba6 20. e6 Re8 21. Ne5 Rxe6 22. h4 h5 23. Nf2 Qd5 24. Nf3 Rxe1 25. Rxe1 Ne6 26. Be5 Rd8 27. Bxg7 Kxg7 28. Re5 Qxa2 29. c4 Bc8 30. Rxe6 Bxe6 31. Qc3+ Rd4 32. Nxd4 cxd4 33. Qxd4+ Kf7 34. Qe5 Qa5 35. Qc7+ Kf6 36. Qd8+ Kf7 37. Qc7+ Kf6 38. Qf4 Qa1+ 39. Kh2 Qxb2 40. Ne4+ Kg7 41. Qc7+ Bf7 42. Ng5 Qf6 43. d4 Kg8 44. Qb8+ Kg7 45. Qxa7 Kg8 46. Qb8+ Kg7 47. Qc7 Kg8 48. Qb8+ Kg7 49. Qc7 Kg8 50. Qb8+ 1/2-1/2

[Event "Birmingham op"]
[Site "Birmingham"]
[Date "2022.11.19"]
[Round "2"]
[White "Flynn, David"]
[Black "Cannon, Richard James"]
[Result "1/2-1/2"]
[WhiteElo "1896"]
[BlackElo "2086"]
[PlyCount "61"]
[EventDate "2022.11.19"]
[EventType "swiss"]
[EventRounds "5"]
[EventCountry "ENG"]
[SourceTitle "CBM 211 Extra"]
[Source "ChessBase"]
[SourceDate "2023.01.31"]
[SourceVersion "1"]
[SourceVersionDate "2023.01.31"]
[SourceQuality "1"]

1. e4 c5 2. Nc3 Nc6 3. Bb5 Nd4 4. Nf3 Nxb5 5. Nxb5 Nf6 6. e5 Nd5 7. 0-0 a6 8. Nc3 Nxc3 9. dxc3 g6 10. Qd5 e6 11. Qe4 f5 12. Qd3 b5 13. Bg5 Be7 14. Bxe7 Qxe7 15. a4 c4 16. Qd4 Bb7 17. axb5 axb5 18. Rxa8+ Bxa8 19. Rd1 Bd5 20. Qb6 0-0 21. Qxb5 Ra8 22. Kf1 Ra2 23. Nd2 Qg5 24. f3 Qf4 25. Qb8+ Kg7 26. h3 g5 27. Qd6 Bc6 28. Qe7+ Kg8 29. Qe8+ Kg7 30. Qe7+ Kg8 31. Qe8+ 1/2-1/2

[Event "Birmingham op"]
[Site "Birmingham"]
[Date "2022.11.19"]
[Round "3"]
[White "Ogunshola, Ben"]
[Black "Flynn, David"]
[Result "1-0"]
[WhiteElo "2243"]
[BlackElo "1896"]
[PlyCount "77"]
[EventDate "2022.11.19"]
[EventType "swiss"]
[EventRounds "5"]
[EventCountry "ENG"]
[SourceTitle "CBM 211 Extra"]
[Source "ChessBase"]
[SourceDate "2023.01.31"]
[SourceVersion "1"]
[SourceVersionDate "2023.01.31"]
[SourceQuality "1"]

1. c4 c5 2. g3 g6 3. Bg2 Bg7 4. Nc3 d6 5. d3 e5 6. a3 Nc6 7. Rb1 a5 8. e3 Nge7 9. Nge2 Be6 10. Nd5 Bxd5 11. cxd5 Nb8 12. b4 axb4 13. axb4 b6 14. 0-0 0-0 15. Bd2 Nd7 16. Qb3 f5 17. d4 Bh6 18. Rfd1 g5 19. dxe5 Nxe5 20. f4 gxf4 21. exf4 Nd7 22. Nc3 Ng6 23. Re1 Re8 24. Re6 Ndf8 25. Rbe1 Nxe6 26. dxe6 Ne7 27. Nd5 Bg7 28. Bc3 c4 29. Qb2 Bxc3 30. Qxc3 Nxd5 31. Bxd5 Re7 32. Bxa8 Qxa8 33. Qxc4 Qa7 34. Qc8+ Kg7 35. Qc3+ Kg6 36. Qd4 Qb8 37. g4 b5 38. gxf5+ Kxf5 39. Qd5+ 1-0

[Event "BCF-chT4 2223 (4NCL)"]
[Site "England"]
[Date "2022.11.06"]
[Round "2.83"]
[White "Woods, Timothy J"]
[Black "Flynn, David"]
[Result "1/2-1/2"]
[WhiteElo "1689"]
[BlackElo "1896"]
[PlyCount "58"]
[EventDate "2022.11.05"]
[EventType "team-swiss"]
[EventRounds "11"]
[EventCountry "ENG"]
[SourceTitle "EXT 2024"]
[Source "ChessBase"]
[SourceDate "2023.10.10"]
[SourceVersion "1"]
[SourceVersionDate "2023.10.10"]
[SourceQuality "1"]
[WhiteTeam "Sussex Martlets III"]
[BlackTeam "Ashfield II"]
[WhiteTeamCountry "ENG"]
[BlackTeamCountry "ENG"]

1. e4 c5 2. Nf3 Nc6 3. d4 cxd4 4. Nxd4 g6 5. c4 Nf6 6. Nc3 Bg7 7. Be3 d6 8. Be2 0-0 9. 0-0 Bd7 10. f3 Nxd4 11. Bxd4 a5 12. Qd2 Bc6 13. Rac1 a4 14. b4 axb3 15. axb3 Qa5 16. Rb1 Qb4 17. Rfd1 Rfc8 18. Nd5 Nxd5 19. exd5 Qxd2 20. Rxd2 Bxd4+ 21. Rxd4 Bd7 22. Rd2 Bf5 23. Rc1 Ra3 24. Rb2 Ra5 25. Rd1 Rca8 26. b4 Ra2 27. Rdd2 Rxb2 28. Rxb2 Ra1+ 29. Kf2 b6 1/2-1/2

[Event "BCF-chT4S 1920 (4NCL)"]
[Site "England"]
[Date "2020.02.09"]
[Round "6.101"]
[White "McMahon, Paul"]
[Black "Flynn, David"]
[Result "1/2-1/2"]
[WhiteElo "1926"]
[BlackElo "1907"]
[PlyCount "157"]
[EventDate "2019.11.09"]
[EventType "team-swiss"]
[EventRounds "11"]
[EventCountry "ENG"]
[SourceTitle "EXT 2022"]
[Source "ChessBase"]
[SourceDate "2021.10.06"]
[SourceVersion "1"]
[SourceVersionDate "2021.10.06"]
[SourceQuality "1"]
[WhiteTeam "Poisoned Pawns Next Generation"]
[BlackTeam "Ashfield II"]
[WhiteTeamCountry "ENG"]
[BlackTeamCountry "ENG"]

1. e4 e6 2. d4 d5 3. e5 c5 4. c3 Nc6 5. Nf3 Bd7 6. Bd3 Qb6 7. Bc2 cxd4 8. cxd4 Nb4 9. Nc3 Nxc2+ 10. Qxc2 Ne7 11. 0-0 Nf5 12. Rd1 Be7 13. a4 Rc8 14. b3 Bb4 15. Bb2 Qa5 16. Rac1 0-0 17. Qd3 a6 18. g4 Nh6 19. Ng5 g6 20. Qh3 Kg7 21. Nxh7 Kxh7 22. g5 Rh8 23. gxh6 Bf8 24. Rd3 Kg8 25. Rcd1 Bxh6 26. Qg4 Qd8 27. Kh1 b5 28. f4 Bg7 29. R1d2 Rh4 30. Qg3 bxa4 31. bxa4 Rc4 32. Ba3 Rh5 33. Ra2 Bxa4 34. Nxa4 Rxa4 35. Be7 Qd7 36. Rda3 Rxd4 37. Bc5 Rc4 38. Be3 Qb7 39. Bd2 Rc6 40. Qd3 Bf8 41. Rxa6 Rxa6 42. Rxa6 Rh3 43. Qxh3 Qxa6 44. Qf3 Qa1+ 45. Kg2 Bc5 46. Kh3 Kf8 47. Be3 d4 48. Bd2 Qa3 49. Kg2 Qa2 50. Qf2 Qc2 51. Kf3 Qd3+ 52. Kg2 Ke7 53. Be1 Kd7 54. Qf3 Qc2+ 55. Bf2 Kc7 56. Qa8 Bb6 57. Qf8 Qc6+ 58. Kg3 Qd7 59. Qb4 Ba7 60. Qa5+ Kc8 61. Qa6+ Kd8 62. Qd3 Ke8 63. Kg4 Kf8 64. Qh3 Qd5 65. Qh8+ Ke7 66. Qf6+ Ke8 67. Qh8+ Kd7 68. Qf8 Qg2+ 69. Bg3 Qe2+ 70. Kg5 Qh5+ 71. Kf6 Qf5+ 72. Kg7 Kc6 73. Qd6+ Kb5 74. Qd7+ Ka6 75. Qa4+ Kb7 76. Qb5+ Bb6 77. Qd7+ Ka6 78. Qc8+ Kb5 79. Qd7+ 1/2-1/2

[Event "Hastings Masters op 95th"]
[Site "Hastings"]
[Date "2020.01.02"]
[Round "6"]
[White "Khoo Thwe, Louis"]
[Black "Flynn, David"]
[Result "1/2-1/2"]
[WhiteElo "1690"]
[BlackElo "1853"]
[PlyCount "78"]
[EventDate "2019.12.28"]
[EventType "swiss"]
[EventRounds "9"]
[EventCountry "ENG"]
[SourceTitle "CBM 194 Extra"]
[Source "ChessBase"]
[SourceDate "2020.03.31"]
[SourceVersion "1"]
[SourceVersionDate "2020.03.31"]
[SourceQuality "1"]

1. e4 e6 2. d4 d5 3. Nd2 Nf6 4. e5 Nfd7 5. Bd3 c5 6. c3 Nc6 7. Ne2 cxd4 8. cxd4 f6 9. f4 f5 10. Nf3 Qb6 11. a3 a5 12. Qc2 Ndb8 13. Nc3 Be7 14. Na4 Qd8 15. Qb3 Nd7 16. Be3 0-0 17. Rc1 Rb8 18. 0-0 Na7 19. Bb5 Nb6 20. Nc5 Nxb5 21. Qxb5 Nc4 22. Rxc4 dxc4 23. Qxc4 Bxc5 24. dxc5 h6 25. Nd4 Qe7 26. Nb5 Bd7 27. Nd6 Bc6 28. Rd1 Bd5 29. Rxd5 exd5 30. Qxd5+ Kh7 31. g3 g5 32. Kf2 gxf4 33. Bxf4 Qg7 34. h3 h5 35. h4 Qg4 36. Qe6 Qd1 37. Qh6+ Kg8 38. Qg6+ Kh8 39. Qh6+ Kg8 1/2-1/2

[Event "BCF-chT4S 1920 (4NCL)"]
[Site "England"]
[Date "2019.11.10"]
[Round "2.53"]
[White "Woodhouse, Stephen V"]
[Black "Flynn, David"]
[Result "0-1"]
[WhiteElo "1850"]
[BlackElo "1907"]
[PlyCount "102"]
[EventDate "2019.11.09"]
[EventType "team-swiss"]
[EventRounds "11"]
[EventCountry "ENG"]
[SourceTitle "EXT 2022"]
[Source "ChessBase"]
[SourceDate "2021.10.06"]
[SourceVersion "1"]
[SourceVersionDate "2021.10.06"]
[SourceQuality "1"]
[WhiteTeam "Wood Green Youth"]
[BlackTeam "Ashfield II"]
[WhiteTeamCountry "ENG"]
[BlackTeamCountry "ENG"]

1. e4 e6 2. d4 d5 3. Nd2 Nf6 4. e5 Nfd7 5. Bd3 c5 6. c3 Nc6 7. Ne2 cxd4 8. cxd4 f6 9. exf6 Nxf6 10. 0-0 Bd6 11. Nf3 0-0 12. Bg5 Qc7 13. Rc1 h6 14. Bh4 Nh5 15. Bg3 Nxg3 16. Nxg3 Qf7 17. Bb1 e5 18. dxe5 Nxe5 19. Nxe5 Bxe5 20. Qd3 g5 21. b4 a6 22. a3 Bd7 23. Qg6+ Qxg6 24. Bxg6 Bf6 25. Bb1 Bb5 26. Rfd1 Bc4 27. Be4 Bb2 28. Rc2 Bxa3 29. Bxd5+ Bxd5 30. Rxd5 Bxb4 31. Rd7 Rf7 32. Rxf7 Kxf7 33. Rc7+ Ke6 34. Rxb7 a5 35. Kf1 Kd5 36. Nf5 Ra6 37. Ne3+ Kd4 38. Ke2 Kc3 39. Kd1 Kb3 40. Kc1 Rc6+ 41. Kb1 Rf6 42. Ng4 Rd6 43. Ne3 Rd2 44. Rf7 Rb2+ 45. Ka1 Re2 46. Nd1 g4 47. h3 Re1 48. Rd7 gxh3 49. Rd3+ Kc2 50. Rxh3 Rxd1+ 51. Ka2 Bc3 0-1

[Event "BCF-chT4S 1819 (4NCL)"]
[Site "England"]
[Date "2019.05.06"]
[Round "11.53"]
[White "Flynn, David"]
[Black "Perrett, David C"]
[Result "1/2-1/2"]
[WhiteElo "1930"]
[BlackElo "1927"]
[PlyCount "50"]
[EventDate "2018.11.17"]
[EventType "team-swiss"]
[EventRounds "11"]
[EventCountry "ENG"]
[SourceTitle "EXT 2021"]
[Source "ChessBase"]
[SourceDate "2020.10.23"]
[SourceVersion "1"]
[SourceVersionDate "2020.10.23"]
[SourceQuality "1"]
[WhiteTeam "Ashfield II"]
[BlackTeam "The Full Ponty"]
[WhiteTeamCountry "ENG"]
[BlackTeamCountry "WLS"]

1. e4 Nf6 2. e5 Nd5 3. d4 d6 4. Nf3 g6 5. Bc4 c6 6. exd6 Qxd6 7. Qe2 Bg7 8. 0-0 Bg4 9. c3 0-0 10. h3 Bxf3 11. Qxf3 Nd7 12. Bg5 N7b6 13. Bb3 h6 14. Bh4 Nf6 15. Bg3 Qd7 16. Be5 Rac8 17. Rd1 Qf5 18. Qxf5 gxf5 19. Nd2 Nfd7 20. Bxg7 Kxg7 21. Nf3 Kf6 22. Re1 c5 23. dxc5 Nxc5 24. Bc2 Rfd8 25. Red1 e6 1/2-1/2

[Event "Stevenage 4NCL Easter op U2050"]
[Site "Stevenage"]
[Date "2019.04.22"]
[Round "6"]
[White "Flynn, David"]
[Black "Volovich, Julia"]
[Result "1-0"]
[WhiteElo "1871"]
[BlackElo "1753"]
[PlyCount "67"]
[EventDate "2019.04.19"]
[EventType "swiss"]
[EventRounds "7"]
[EventCountry "ENG"]
[SourceTitle "CBM 190 Extra"]
[Source "ChessBase"]
[SourceDate "2019.07.15"]
[SourceVersion "1"]
[SourceVersionDate "2019.07.15"]
[SourceQuality "1"]

1. e4 e6 2. d4 d5 3. Nd2 dxe4 4. Nxe4 Nd7 5. g3 Be7 6. Bg2 Ngf6 7. Nxf6+ Bxf6 8. Ne2 0-0 9. Be3 c6 10. c4 Nb6 11. Qc2 e5 12. Rd1 exd4 13. Nxd4 Bg4 14. Rd2 Qe7 15. 0-0 Rad8 16. b3 Rfe8 17. h3 Bh5 18. Bxc6 Bxd4 19. Bxe8 Bxe3 20. Rxd8 Qxd8 21. Bxf7+ Bxf7 22. fxe3 Qe7 23. Qf2 Nd7 24. Qf4 b6 25. Rd1 Nf6 26. Rd4 Bg6 27. g4 Ne4 28. Qb8+ Be8 29. Qd8 Qe5 30. Qd5+ Qxd5 31. cxd5 Nc3 32. Rd2 Ne4 33. Rd3 Bg6 34. d6 1-0

[Event "Stevenage 4NCL Easter op U2050"]
[Site "Stevenage"]
[Date "2019.04.21"]
[Round "5"]
[White "Kapoor, Gurveen"]
[Black "Flynn, David"]
[Result "1-0"]
[WhiteElo "1764"]
[BlackElo "1871"]
[PlyCount "35"]
[EventDate "2019.04.19"]
[EventType "swiss"]
[EventRounds "7"]
[EventCountry "ENG"]
[SourceTitle "CBM 190 Extra"]
[Source "ChessBase"]
[SourceDate "2019.07.15"]
[SourceVersion "1"]
[SourceVersionDate "2019.07.15"]
[SourceQuality "1"]

1. g3 g6 2. Bg2 Bg7 3. Nc3 c5 4. Nf3 Nc6 5. 0-0 d5 6. a3 Nf6 7. d4 cxd4 8. Nxd4 0-0 9. Nb3 e6 10. Be3 Ng4 11. Bc5 Re8 12. e4 Nf6 13. Rb1 dxe4 14. Qe2 Nd5 15. Nxe4 b6 16. Nd6 bxc5 17. Nxe8 Qxe8 18. Bxd5 1-0

[Event "Stevenage 4NCL Easter op U2050"]
[Site "Stevenage"]
[Date "2019.04.19"]
[Round "1"]
[White "Sandhu, Manvith"]
[Black "Flynn, David"]
[Result "1/2-1/2"]
[WhiteElo "1564"]
[BlackElo "1871"]
[PlyCount "60"]
[EventDate "2019.04.19"]
[EventType "swiss"]
[EventRounds "7"]
[EventCountry "ENG"]
[SourceTitle "CBM 190 Extra"]
[Source "ChessBase"]
[SourceDate "2019.07.15"]
[SourceVersion "1"]
[SourceVersionDate "2019.07.15"]
[SourceQuality "1"]

1. e4 e6 2. d4 d5 3. Bd3 dxe4 4. Bxe4 Nf6 5. Bf3 c5 6. Ne2 Nc6 7. Be3 e5 8. Bxc6+ bxc6 9. dxe5 Qxd1+ 10. Kxd1 Ng4 11. Nbc3 Nxe3+ 12. fxe3 Bf5 13. e4 0-0-0+ 14. Ke1 Bg6 15. Nf4 Re8 16. Nxg6 fxg6 17. Rd1 Rxe5 18. Rf1 Be7 19. Rf7 Bh4+ 20. g3 Re7 21. Rxe7 Bxe7 22. Ke2 Bf6 23. Na4 c4 24. b3 cxb3 25. cxb3 Rd8 26. Rxd8+ Kxd8 27. Kd3 Kc7 28. Nc5 Kd6 29. Nb7+ Kc7 30. Nc5 Kd6 1/2-1/2